Nancuz: (Record no. 1478)

MARC details
000 -LEADER
campo de control de longitud fija 00437nam a2200133 4500
008 - DATOS DE LONGITUD FIJA--INFORMACIÓN GENERAL
campo de control de longitud fija 708 C993m
020 ## - NÚMERO INTERNACIONAL ESTÁNDAR DEL LIBRO
Número Internacional Estándar del Libro 9789929813274
082 ## - NÚMERO DE LA CLASIFICACIÓN DECIMAL DEWEY
Número de clasificación 708
Número de ítem C993m
100 ## - ENTRADA PRINCIPAL--NOMBRE DE PERSONA
Nombre de persona Lorenzana, Adrián (curador)
9 (RLIN) 6357
245 ## - MENCIÓN DEL TÍTULO
Título Nancuz:
Resto del título magia y emociones
260 ## - PUBLICACIÓN, DISTRIBUCIÓN, ETC.
Lugar de publicación, distribución, etc. Guatemala
Nombre del editor, distribuidor, etc. Fundación Paiz para la Educación y la Cultura
Fecha de publicación, distribución, etc. 2017
300 ## - DESCRIPCIÓN FÍSICA
Extensión 100 p.
Otras características físicas ill. (col)
Dimensiones 33 x 23 cm
650 ## - PUNTO DE ACCESO ADICIONAL DE MATERIA--TÉRMINO DE MATERIA
Subdivisión general arte contemporáneo
-- arte - artistas individuales
-- Guatemala
9 (RLIN) 6358
Holdings
Estatus retirado Estado de pérdida Fuente del sistema de clasificación o colocación Estado de daño No para préstamo Biblioteca de origen Biblioteca actual Ubicación en estantería Fecha de adquisición Total de préstamos Signatura topográfica completa Visto por última vez Precio de reemplazo Tipo de ítem Koha
    Clasificación Decimal Dewey     Biblioteca LadoV Biblioteca LadoV   30/05/2018   708 C993m 30/05/2018 30/05/2018 Material 01